000 00706nam a2200229 a 4500
001 42014
003 BD-RjUL
005 20211209053501.0
008 160609s1966 enkb b 000 0 engr
035 _a(BD-RjUL)42132
040 _aDLC
_cBUF
_dBUF
_dUKM
_dEQO
_dBD-RjUL
_beng
041 _aeng
082 _a909.82
_223
_bTHP 1966
100 1 0 _aThomas, R. Hinton
_d1912-1983.
_9129155
245 1 4 _aThe post-war world :
_ba notebook review 1945-1965 /
_cby R.H. Thomas.
260 _aLondon :
_bGeorge Philip and Son Limited,
_cc1966
300 _aix, 245 p. :
_bmaps ;
_c19 cm.
504 _aBibliography: p. 245.
650 0 _aWorld politics
_y1945-1965
_9129156
942 _2ddc
_cBK
999 _c42014
_d42014